000 00281nam a22001217a 4500
082 _a621.31 STE'E
100 _aFORD, W. B,STEINBERG, W. F
_978326
245 _aELECTRICITY AND ELECTRONIC BASIC
250 _a3RD
260 _aUSA
_bAMERICAN
_c1964
300 _a336P
942 _cBK
999 _c583468
_d583468